| 000 | 00617nam a22002057a 4500 | ||
|---|---|---|---|
| 005 | 20250425160546.0 | ||
| 008 | 250425b |||||||| |||| 00| 0 eng d | ||
| 020 | _a9780750642958 | ||
| 050 |
_aHD30 _b.28 STR |
||
| 100 | _aWilliamson David | ||
| 245 |
_aStrategic Management and Business Analysis _cDavid Williamson, Wyn Jenkins, Peter Cooke & Keith Michael Moreton |
||
| 260 |
_aAmsterdam _bElsevier _c2004 |
||
| 300 |
_axiii. 263p. _bill. _c25 cm |
||
| 500 | _aIncludes Index | ||
| 650 | _2Management | ||
| 700 | _aJenkins Wyn | ||
| 700 | _aCooke Peter | ||
| 700 | _aMoreton Keith Michael | ||
| 942 |
_2lcc _cBK _n0 |
||
| 999 |
_c5555 _d5555 |
||